Biblioteca y Centro de Documentación

L'accès à la formation professionnelle dans trois secteurs de l'économie européenne (Registro nro. 2001)

Detalles MARC
000 -CABECERA
Longitud fija campo de control 01539nam a2200421 c 4500
001 - NÚMERO DE CONTROL
Número de control 2001
003 - IDENTIFICADOR DE NÚMERO DE CONTROL
Identificador del número de control ES-MaCES
005 - FECHA Y HORA DE LA ÚLTIMA TRANSACCIÓN
Fecha y hora de la última transacción 20180205141719.0
008 - CAMPO FIJO DE DESCRIPCIÓN FIJA--INFORMACIÓN GENERAL
Códigos de información de longitud fija   940927s1994 gw ||| | fre d
035 ## - NÚMERO DE CONTROL DEL SISTEMA
Número de control del sistema CES19980020147m
040 ## - FUENTE DE CATALOGACIÓN
Centro catalogador de origen ES-MaCES
Lengua de catalogación spa
Centro transcriptor ES-MaCES
100 1# - ENCABEZAMIENTO PRINCIPAL--NOMBRE PERSONAL
Nombre de persona Lassibille, Gérard
9 (RLIN) 16258
245 12 - MENCIÓN DE TÍTULO
Título L'accès à la formation professionnelle dans trois secteurs de l'économie européenne
Mención de responsabilidad, etc. Gérard Lassibille, Jean-Jacques Paul
250 ## - MENCIÓN DE EDICIÓN
Mención de edición 3ème éd
260 ## - PUBLICACIÓN, DISTRIBUCIÓN, ETC (PIE DE IMPRENTA)
Lugar de publicación, distribución, etc. Berlin
Nombre del editor, distribuidor, etc. CEDEFOP, Centre européen pour le développement de la formation professionnelle
Fecha de publicación, distribución, etc. 1994
300 ## - DESCRIPCIÓN FÍSICA
Extensión IV, 47 p.
Dimensiones 30 cm
490 1# - MENCIÓN DE SERIE
Mención de serie CEDEFOP panorama
500 ## - NOTA GENERAL
Nota general En la port., además: Analyse comparée, Avril 1993
504 ## - NOTA DE BIBLIOGRAFÍA, ETC.
Nota de bibliografía, etc. Bibliografía: p. 46-47
541 ## - NOTA DE LA FUENTE INMEDIANTE DE ADQUISICIÓN
Forma de adquisición Gratuito
650 #4 - ASIENTO SECUNDARIO DE MATERIA--TÉRMINO DE MATERIA
Término de materia o nombre geográfico como elemento inicial oportunidades de formación
9 (RLIN) 29973
650 #4 - ASIENTO SECUNDARIO DE MATERIA--TÉRMINO DE MATERIA
Término de materia o nombre geográfico como elemento inicial formación profesional permanente
9 (RLIN) 29931
650 #4 - ASIENTO SECUNDARIO DE MATERIA--TÉRMINO DE MATERIA
Término de materia o nombre geográfico como elemento inicial formación inicial
9 (RLIN) 29304
650 #4 - ASIENTO SECUNDARIO DE MATERIA--TÉRMINO DE MATERIA
Término de materia o nombre geográfico como elemento inicial formación por sector económico
9 (RLIN) 29962
650 #4 - ASIENTO SECUNDARIO DE MATERIA--TÉRMINO DE MATERIA
Término de materia o nombre geográfico como elemento inicial industria de la construcción
9 (RLIN) 27730
650 #4 - ASIENTO SECUNDARIO DE MATERIA--TÉRMINO DE MATERIA
Término de materia o nombre geográfico como elemento inicial industria electrónica
9 (RLIN) 27865
650 #4 - ASIENTO SECUNDARIO DE MATERIA--TÉRMINO DE MATERIA
Término de materia o nombre geográfico como elemento inicial industria eléctrica
9 (RLIN) 30787
650 #4 - ASIENTO SECUNDARIO DE MATERIA--TÉRMINO DE MATERIA
Término de materia o nombre geográfico como elemento inicial comparación
9 (RLIN) 28892
653 10 - TÉRMINO DE INDEXACIÓN--NO CONTROLADO
Término no controlado Educación
650 #4 - ASIENTO SECUNDARIO DE MATERIA--TÉRMINO DE MATERIA
9 (RLIN) 29020
Término de materia o nombre geográfico como elemento inicial país de la UE
650 #4 - ASIENTO SECUNDARIO DE MATERIA--TÉRMINO DE MATERIA
9 (RLIN) 27947
Término de materia o nombre geográfico como elemento inicial sector terciario
700 1# - ENCABEZAMIENTO SECUNDARIO--NOMBRE PERSONAL
Nombre de persona Paul, Jean-Jacques
9 (RLIN) 20492
710 2# - ENCABEZAMIENTO SECUNDARIO--NOMBRE CORPORATIVO
9 (RLIN) 1909
Nombre de entidad o nombre de jurisdicción como elemento inicial Centro Europeo para el Desarrollo de la Formación Profesional
Término indicativo de función ed.
830 #0 - ENCABEZAMIENTO SECUNDARIO DE COLECCIÓN--TÍTULO UNIFORME
Título uniforme CEDEFOP panorama
9 (RLIN) 32411
902 ## - CES. TIPO DE DOCUMENTO
Tipodoc (006$c Sirtex) LIB Libro
942 ## - ELEMENTOS KOHA
Fuente de clasificaión o esquema Clasificación propia del CES
Koha [por defecto] tipo de item Monografías
Parte de clasificación 4.0.
Existencias
Número de registro Signatura completa Tipo de item de Koha
005762 DPT-2114 Monografías
© CES, Consejo Económico y Social de España 2021